00682nam a2200229Ia 4500003000900000008004100009040001300050040001300063041000800076100001900084245004900103250001000152260001200162260000900174300001100183300001200194490001800206490000600224942000700230999001700237952019800254IT-RoPAU120407s9999 xx 000 0 und d aIT-RoPAU cIT-RoPAU afra aEvode Beaucamp aLa Bible et le sens religieux de l’univers aParis aDu Cerf c1959 a219 p. c22,5 cm aLectio Divina v1 cBK c29167d29167 00102ddc406222_32500000000000071aPAULUSbPAULUSd2012-04-11l0o222.325r2012-04-11 00:00:00w2012-04-11yBKzInserito da: Carla In data: 24 ottobre 2011 fondo: Via A.Severo 56 Progr:18301